1884 1771 1095 1584 1961 1053 1657 1444 1355 1298 1062 1591 1331 1947 1387 1042 1056 1301 1983 1420 1321 1671 1488 1014 1517 1858 1209 1612 1781 1511 1288 1437 1367 1496 1624 1291 1390 1924 1076 1722 1249 1172 1028 1999 1343 1976 1063 1976 1152 1779 1387 1722 1031 1655 1582 1700 1957 1289 1656 1795 1797 1631 1184 1290 1077 1112 1139 1241 1479 1278 1273 1892 1851 1216 1469 1507 1782 1125 1744 1302 1484 1286 1249 1794 1425 1790 1050 1929 1863 1408 1155 1597 1052 1903 1137 1618 1620 1245 1432 BCNSPRNW ULIB Ver.6.0+V

เปลี่ยนเป็นภาษาไทย

Change to English
 แสดงรายละเอียดบรรณานุกรม
  กลับหน้าหลัก

Brief Record : Get Marc (ISO 2709) : E-mail record : QR code < ปิดหน้าต่าง
LEADER : 00000nam 2200000uu 4500
001    13399121572
003     ULIB
008    121123s2552||||th 000 0 tha d
020    ^a9789748097138
060 04 ^aWV201^ล145ร
100 0  ^aลลิดา เกษมสุวรรณ
245 10 ^aโรคหูตามอาการและอาการแสดง /^cลลิดา เกษมสุวรรณ
250    ^aพิมพ์ครั้งที่ 1
260    ^aกรุงเทพฯ :^bเอ็ม.ที.เพรส,^c2551
300    ^a[5], 175 หน้า :^bภาพประกอบ ;^c27 ซม.
650  2 ^aEar^xsymptomatology
650  2 ^aEar, Diseases
650  7 ^aหู, โรค
650  7 ^aหู^xอาการวิทยา
650  7 ^aหู^xสรีรวิทยา
945    ^p240^l0^i16636
995    ^aวิภา
999 ^a ใช้งานได้ทุกระบบ
รายการนี้ยังไม่มีแท็ก
คุณยังไม่ได้ล็อกอิน คุณสามารถมีกิจกรรมร่วมกับเว็บไซต์ได้ แต่ต้องล็อกอินก่อน ::
  ล็อกอิน

รายการสื่อสารสนเทศ

ลำดับที่ ประเภท เลขเรียก/บาร์โค้ด สถานที่ สถานะ
1. วิทยาศาสตร์การแพทย์ และสุขภาพ
วิทยาศาสตร์การแพทย์ และสุขภาพ
WV201^ล145ร  
  Barcode: 16636
ห้องสมุดวิทยาเขตสวรรค์ประชารักษ์
►ส่วนจัดเก็บหนังสือเก่า สปร
บนชั้น
  ขอยืม

รายการใกล้เคียง
    ผู้แต่ง [ลลิดา เกษมสุวรรณ]

    หัวเรื่อง [Ear, Diseases]
    หัวเรื่อง [หู, โรค]

BibComment


ยังไม่เคยถูกคอมเมนท์

คอมเมนท์ทรัพยากรรายการนี้
  คอมเมนท์: โรคหูตามอาการและ..


 Copyright 2026. Bcnsprnw @Library